[Event "IRI-ch U12"]
[Site "Chess.com INT"]
[Date "2021.01.16"]
[Round "7"]
[White "Hajibabaei, Vandad"]
[Black "Mehrdad, Seyed Amir"]
[Result "0-1"]
[WhiteElo "1330"]
[BlackElo "1174"]
[PlyCount "66"]
[EventDate "2021.01.16"]
[EventType "swiss"]
[EventRounds "11"]
[EventCountry "IRI"]
[SourceTitle "EXT 2022"]
[Source "ChessBase"]
[SourceDate "2021.10.06"]
[SourceVersion "1"]
[SourceVersionDate "2021.10.06"]
[SourceQuality "1"]

1. e4 c5 2. d4 cxd4 3. c3 e6 4. cxd4 Nf6 5. e5 Nd5 6. Nf3 b6 7. Nc3 Nxc3 8. bxc3 Qc7 9. Bb2 d6 10. Bd3 Nd7 11. exd6 Bxd6 12. 0-0 Bb7 13. h3 0-0 14. c4 Nf6 15. Ne5 Nd7 16. f4 f5 17. Qe2 Rf6 18. Nxd7 Qxd7 19. d5 Rg6 20. g4 fxg4 21. Bxg6 exd5 22. Bxh7+ Kxh7 23. cxd5 Bc5+ 24. Kh2 Re8 25. Qd3+ g6 26. hxg4 Qxg4 27. Qh3+ Qxh3+ 28. Kxh3 Re3+ 29. Kg4 Bc8+ 30. Kg5 Be7+ 31. Bf6 Rg3+ 32. Kh4 Rh3+ 33. Kg5 Rh5# 0-1